[Event "Catalunya-chT Gp1"]
[Site "Barcelona"]
[Date "2019.02.02"]
[Round "3.3"]
[White "Cruz Estrada, Filemon"]
[Black "Almeida Toledano, Daniel"]
[Result "0-1"]
[WhiteElo "2291"]
[BlackElo "2245"]
[PlyCount "76"]
[EventDate "2019.01.19"]
[EventType "team-tourn"]
[EventRounds "7"]
[EventCountry "ESP"]
[SourceTitle "CBM 188 Extra"]
[Source "ChessBase"]
[SourceDate "2019.02.26"]
[SourceVersion "1"]
[SourceVersionDate "2019.02.26"]
[SourceQuality "1"]
[WhiteTeam "Sant Andreu"]
[BlackTeam "Foment Martinenc"]
[WhiteTeamCountry "ESP"]
[BlackTeamCountry "ESP"]

1. c4 g6 2. Nc3 c5 3. g3 Bg7 4. Bg2 Nc6 5. d3 d6 6. e4 e6 7. Nge2 Nge7 8. 0-0 0-0 9. f4 a6 10. a4 Rb8 11. Kh1 Bd7 12. Bd2 f5 13. Be1 Nd4 14. Nxd4 cxd4 15. Ne2 a5 16. b3 Qc7 17. Rb1 Bc6 18. Ng1 b6 19. Bd2 Rbe8 20. Nh3 Kh8 21. Re1 e5 22. Re2 Ng8 23. Nf2 Nf6 24. fxe5 dxe5 25. Re1 Nd7 26. b4 f4 27. Nh3 h6 28. c5 bxc5 29. b5 Bb7 30. Rc1 g5 31. g4 Ra8 32. Bf3 Nb6 33. Nf2 Rfc8 34. Rg1 Qf7 35. Be2 Bf8 36. Qc2 Rc7 37. Bf1 Bc8 38. Rb1 Be6 0-1

[Event "Schwarzach op 30th"]
[Site "Schwarzach"]
[Date "2015.08.25"]
[Round "5"]
[White "Borsos, Bogdan"]
[Black "Almeida Toledano, Daniel"]
[Result "1-0"]
[WhiteElo "2217"]
[BlackElo "2283"]
[PlyCount "85"]
[EventDate "2015.08.22"]
[EventType "swiss"]
[EventRounds "9"]
[EventCountry "AUT"]
[SourceTitle "EXT 2016"]
[Source "ChessBase"]
[SourceDate "2015.10.08"]
[SourceVersion "1"]
[SourceVersionDate "2015.10.08"]
[SourceQuality "1"]

1. Nf3 f5 2. d3 d6 3. e4 e5 4. Nc3 Nf6 5. d4 fxe4 6. dxe5 exf3 7. exf6 c6 8. fxg7 Bxg7 9. Qxf3 Nd7 10. Qh5+ Kf8 11. Bh6 Qf6 12. Bxg7+ Kxg7 13. 0-0-0 Ne5 14. Be2 Bf5 15. Rd4 Bg6 16. Qh4 Qxh4 17. Rxh4 Rhf8 18. f4 Nd7 19. Rf1 d5 20. Bd3 Nc5 21. Bxg6 hxg6 22. Rg4 Rf5 23. Re1 Raf8 24. g3 R8f6 25. Re7+ Rf7 26. Re8 Rf8 27. Re2 Rh8 28. b4 Nd7 29. Rg5 Rxg5 30. fxg5 Rf8 31. b5 Rc8 32. bxc6 bxc6 33. Nd1 Rb8 34. Re3 Rb6 35. Ra3 Rb7 36. Ra6 Nb8 37. Ra4 Nd7 38. Nf2 Ne5 39. Nd3 Nxd3+ 40. cxd3 Rd7 41. Rf4 Re7 42. Rf6 Re5 43. Rxc6 1-0

[Event "Catalunya-chT Gp1"]
[Site "Barcelona"]
[Date "2015.02.07"]
[Round "3.3"]
[White "Almeida Toledano, Daniel"]
[Black "Cervello Tost, Ferran"]
[Result "1/2-1/2"]
[WhiteElo "2295"]
[BlackElo "2272"]
[PlyCount "43"]
[EventDate "2015.01.24"]
[EventType "team-tourn"]
[EventRounds "7"]
[EventCountry "ESP"]
[SourceTitle "CBM 164 Extra"]
[Source "ChessBase"]
[SourceDate "2015.03.02"]
[SourceVersion "1"]
[SourceVersionDate "2015.03.02"]
[SourceQuality "1"]
[WhiteTeam "Foment Martinenc"]
[BlackTeam "Peona I Peo"]
[WhiteTeamCountry "ESP"]
[BlackTeamCountry "ESP"]

1. e4 c6 2. d4 d5 3. e5 c5 4. c4 e6 5. Nf3 Nc6 6. Nc3 cxd4 7. Nxd4 Nge7 8. Ndb5 Nxe5 9. Qa4 N7c6 10. cxd5 exd5 11. Bf4 Bd7 12. 0-0-0 a6 13. Nd4 Bd6 14. Nxc6 Bxc6 15. Qd4 f6 16. Nxd5 Bxd5 17. Qxd5 Nd3+ 18. Qxd3 Bxf4+ 19. Kb1 Qxd3+ 20. Bxd3 0-0-0 21. Rhe1 Rhe8 22. Kc2 1/2-1/2

[Event "Catalunya-chT Gp1"]
[Site "Barcelona"]
[Date "2015.01.24"]
[Round "1.2"]
[White "Almeida Toledano, Daniel"]
[Black "Vidarte Morales, Arturo"]
[Result "0-1"]
[WhiteElo "2295"]
[BlackElo "2320"]
[PlyCount "70"]
[EventDate "2015.01.24"]
[EventType "team-tourn"]
[EventRounds "7"]
[EventCountry "ESP"]
[SourceTitle "CBM 164 Extra"]
[Source "ChessBase"]
[SourceDate "2015.03.02"]
[SourceVersion "1"]
[SourceVersionDate "2015.03.02"]
[SourceQuality "1"]
[WhiteTeam "Foment Martinenc"]
[BlackTeam "Montcada"]
[WhiteTeamCountry "ESP"]
[BlackTeamCountry "ESP"]

1. e4 c5 2. Nf3 d6 3. d4 cxd4 4. Nxd4 Nf6 5. Nc3 Nc6 6. Bg5 e6 7. Qd2 a6 8. 0-0-0 Bd7 9. f4 h6 10. Bxf6 Qxf6 11. Nf3 Qd8 12. Kb1 Qc7 13. g4 0-0-0 14. h4 Be7 15. Be2 Kb8 16. g5 b5 17. Bd3 Rhe8 18. Rhg1 Bc8 19. Ne2 Bf8 20. Rg3 Bb7 21. Qe3 Na5 22. Nd2 d5 23. Qg1 Nc4 24. e5 Rc8 25. Nb3 hxg5 26. hxg5 g6 27. Qe1 b4 28. Ned4 Qb6 29. Bf1 a5 30. Rh3 a4 31. Nc1 Bc5 32. Bxc4 dxc4 33. Qe3 Red8 34. Nce2 c3 35. b3 Rd5 0-1

[Event "Catalunya-chT"]
[Site "Catalunya"]
[Date "2014.01.25"]
[Round "1.4"]
[White "Bergez, Luc"]
[Black "Almeida Toledano, Daniel"]
[Result "1-0"]
[WhiteElo "2368"]
[BlackElo "2295"]
[PlyCount "59"]
[EventDate "2014.01.25"]
[EventType "team"]
[EventRounds "11"]
[EventCountry "ESP"]
[SourceTitle "CBM 158 Extra"]
[Source "ChessBase"]
[SourceDate "2014.02.28"]
[SourceVersion "1"]
[SourceVersionDate "2014.02.28"]
[SourceQuality "1"]
[WhiteTeam "Barbera"]
[BlackTeam "Foment Martinenc"]
[WhiteTeamCountry "ESP"]
[BlackTeamCountry "ESP"]

1. e4 e6 2. d4 d5 3. exd5 exd5 4. Nf3 Bd6 5. c4 dxc4 6. Bxc4 Nf6 7. 0-0 0-0 8. Bg5 h6 9. Bh4 Bf5 10. Nc3 Nbd7 11. Re1 c6 12. Ne5 Qc7 13. Nxd7 Nxd7 14. Qh5 Nb6 15. Bb3 Bh7 16. Ne4 Be7 17. Bg3 Qd8 18. Nc5 Bf6 19. Rad1 Nd5 20. Nxb7 Qb6 21. Nd6 Bg6 22. Qf3 Rad8 23. Be5 Bg5 24. Qg3 f6 25. Nc4 Qa6 26. Bd6 Rfe8 27. h4 Bc2 28. Rxe8+ Rxe8 29. Bxc2 Qxc4 30. Bb3 1-0

[Event "Foment Martinenc 15th"]
[Site "Barcelona"]
[Date "2013.06.08"]
[Round "8"]
[White "Ryan, Joseph"]
[Black "Almeida Toledano, Daniel"]
[Result "1/2-1/2"]
[WhiteElo "2298"]
[BlackElo "2326"]
[PlyCount "94"]
[EventDate "2013.04.20"]
[EventType "tourn"]
[EventRounds "9"]
[EventCountry "ESP"]
[EventCategory "3"]
[SourceTitle "CBM 154 Extra"]
[Source "ChessBase"]
[SourceDate "2013.06.25"]
[SourceVersion "2"]
[SourceVersionDate "2013.06.25"]
[SourceQuality "1"]

1. d4 d5 2. c4 c6 3. cxd5 cxd5 4. Bf4 Nf6 5. Nc3 Nc6 6. e3 a6 7. Bd3 g6 8. h3 Bg7 9. Nf3 0-0 10. Ne5 Nd7 11. Nxc6 bxc6 12. 0-0 e5 13. dxe5 Nxe5 14. Be2 Bf5 15. Rc1 a5 16. Na4 Re8 17. b3 h5 18. Nc5 Qb6 19. Qd2 Rad8 20. Nd3 Nd7 21. Bf3 Nf6 22. Nc5 Qa7 23. Rfd1 Rc8 24. Be2 Ne4 25. Nxe4 Bxe4 26. Bd3 a4 27. Bxe4 Rxe4 28. Bd6 axb3 29. axb3 Qd7 30. Bc5 Qf5 31. Qd3 Qg5 32. Qa6 Qf5 33. Bd4 Bxd4 34. Rxd4 Rxd4 35. exd4 Kg7 36. Qb7 Qf4 37. Re1 Qc7 38. Re7 Qxb7 39. Rxb7 Kf6 40. b4 Ke6 41. Kf1 Ra8 42. Rc7 Ra6 43. Ke2 Rb6 44. Kd3 Rxb4 45. Rxc6+ Kd7 46. Ra6 Rb3+ 47. Ke2 Rc3 1/2-1/2

[Event "Foment Martinenc 15th"]
[Site "Barcelona"]
[Date "2013.06.01"]
[Round "7"]
[White "Almeida Toledano, Daniel"]
[Black "Ramirez Garcia, Jorge Alberto"]
[Result "1/2-1/2"]
[WhiteElo "2326"]
[BlackElo "2297"]
[PlyCount "138"]
[EventDate "2013.04.20"]
[EventType "tourn"]
[EventRounds "9"]
[EventCountry "ESP"]
[EventCategory "3"]
[SourceTitle "CBM 154 Extra"]
[Source "ChessBase"]
[SourceDate "2013.06.25"]
[SourceVersion "2"]
[SourceVersionDate "2013.06.25"]
[SourceQuality "1"]

1. e4 e6 2. d4 d5 3. Nd2 c5 4. Ngf3 Nc6 5. exd5 exd5 6. Bb5 Bd6 7. dxc5 Bxc5 8. 0-0 Nge7 9. Nb3 Bd6 10. Bg5 0-0 11. Bh4 Qb6 12. Be2 a5 13. a4 Nf5 14. Qxd5 Be6 15. Qb5 Qc7 16. Bg3 Bxg3 17. hxg3 Bxb3 18. Qxf5 g6 19. Qc5 Rfe8 20. Bb5 Be6 21. Rad1 Rac8 22. Rfe1 Red8 23. Qg5 Rxd1 24. Rxd1 Ne7 25. c3 Nf5 26. g4 Nd6 27. Nd4 Bc4 28. Re1 Qc5 29. Re5 Qc7 30. Re7 Qd8 31. Qe5 Nxb5 32. axb5 b6 33. Kh2 Qd5 34. Qxd5 Bxd5 35. Rd7 Be4 36. f3 Ba8 37. Rd6 Rb8 38. Kg3 Kf8 39. Kf4 Ke7 40. Rc6 h6 41. Rc7+ Kf6 42. Rd7 g5+ 43. Ke3 a4 44. Kd2 Kg6 45. Ra7 Bd5 46. Rxa4 h5 47. gxh5+ Kxh5 48. g3 Kg6 49. g4 Kf6 50. Ke3 Re8+ 51. Kf2 Rh8 52. Ra6 Ke5 53. Rxb6 Rh2+ 54. Ke3 Rxb2 55. Rb8 Kd6 56. Rc8 f6 57. c4 Bb7 58. c5+ Kd5 59. Rd8+ Kxc5 60. Rf8 Ra2 61. Ne6+ Kd6 62. Rxf6 Ke5 63. Rh6 Ra3+ 64. Kd2 Bxf3 65. Nxg5 Bxg4 66. Nf7+ Kd4 67. Rd6+ Kc5 68. Rd3 Rxd3+ 69. Kxd3 Kxb5 1/2-1/2

[Event "Foment Martinenc 15th"]
[Site "Barcelona"]
[Date "2013.05.18"]
[Round "5"]
[White "Pardo Simon, David"]
[Black "Almeida Toledano, Daniel"]
[Result "1-0"]
[WhiteElo "2418"]
[BlackElo "2326"]
[PlyCount "47"]
[EventDate "2013.04.20"]
[EventType "tourn"]
[EventRounds "9"]
[EventCountry "ESP"]
[EventCategory "3"]
[SourceTitle "CBM 154 Extra"]
[Source "ChessBase"]
[SourceDate "2013.06.25"]
[SourceVersion "2"]
[SourceVersionDate "2013.06.25"]
[SourceQuality "1"]

1. d4 d5 2. c4 c6 3. Nf3 Nf6 4. Nc3 e6 5. Bg5 dxc4 6. e4 b5 7. e5 h6 8. Bh4 g5 9. Nxg5 hxg5 10. Bxg5 Be7 11. exf6 Bxf6 12. Be3 Bb7 13. Qf3 Nd7 14. a4 a6 15. Be2 Qe7 16. axb5 axb5 17. 0-0 Bg7 18. Rxa8+ Bxa8 19. Nxb5 0-0 20. Nc3 c5 21. Qg3 cxd4 22. Bxd4 e5 23. Be3 Qe6 24. Bxc4 1-0

[Event "Foment Martinenc 15th"]
[Site "Barcelona"]
[Date "2013.05.04"]
[Round "3"]
[White "Jerez Perez, Alfonso"]
[Black "Almeida Toledano, Daniel"]
[Result "1-0"]
[WhiteElo "2400"]
[BlackElo "2326"]
[PlyCount "133"]
[EventDate "2013.04.20"]
[EventType "tourn"]
[EventRounds "9"]
[EventCountry "ESP"]
[EventCategory "3"]
[SourceTitle "CBM 154 Extra"]
[Source "ChessBase"]
[SourceDate "2013.06.25"]
[SourceVersion "2"]
[SourceVersionDate "2013.06.25"]
[SourceQuality "1"]

1. Nf3 d5 2. g3 Nf6 3. Bg2 c6 4. 0-0 Bg4 5. h3 Bxf3 6. Bxf3 e5 7. d3 Nbd7 8. c4 d4 9. e3 dxe3 10. Bxe3 Bc5 11. d4 exd4 12. Bxd4 Bxd4 13. Qxd4 0-0 14. Nc3 Re8 15. Be2 Nf8 16. Rfd1 Ne6 17. Qxd8 Raxd8 18. Rxd8 Rxd8 19. Rd1 Rxd1+ 20. Bxd1 Kf8 21. f4 Ke7 22. Kf2 h6 23. Ke3 Ne8 24. f5 Nf8 25. c5 Kf6 26. Kf4 g5+ 27. Ke4 Nd7 28. b4 a5 29. a3 Ke7 30. Kd4 axb4 31. axb4 Nc7 32. Be2 Na6 33. Kc4 b5+ 34. Nxb5 Ne5+ 35. Kd4 f6 36. Nd6 Nxb4 37. Ne4 Nc2+ 38. Kc3 Ne3 39. Nd6 Nd5+ 40. Kd4 Nc7 41. Bf1 Ne8 42. Ne4 Ng7 43. g4 h5 44. Be2 hxg4 45. hxg4 Ne8 46. Nxg5 Nxg4 47. Bxg4 fxg5 48. Bf3 Kf6 49. Bxc6 Nc7 50. Be4 g4 51. c6 g3 52. Ke3 Ke5 53. Kf3 Ne8 54. Bc2 Kd6 55. Kg2 Nc7 56. Be4 Ke5 57. Kxg3 Ne8 58. Kh4 Kf6 59. Kg4 Nc7 60. Kf4 Ne8 61. Bd3 Nc7 62. Ke4 Ne8 63. Kd5 Ke7 64. Ke5 Kd8 65. f6 Nc7 66. Bc4 Ke8 67. Kd6 1-0

[Event "Catalunya-chT Honor"]
[Site "Catalunya"]
[Date "2013.04.13"]
[Round "11.5"]
[White "Almeida Toledano, Daniel"]
[Black "Jose Queralto, Daniel"]
[Result "1/2-1/2"]
[WhiteElo "2326"]
[BlackElo "2210"]
[PlyCount "32"]
[EventDate "2013.01.19"]
[EventType "team-tourn"]
[EventRounds "11"]
[EventCountry "ESP"]
[SourceTitle "EXT 2014"]
[Source "ChessBase"]
[SourceDate "2013.11.20"]
[SourceVersion "1"]
[SourceVersionDate "2013.11.20"]
[SourceQuality "1"]
[WhiteTeam "Foment Martinenc"]
[BlackTeam "Andorra"]
[WhiteTeamCountry "ESP"]
[BlackTeamCountry "AND"]

1. e4 e5 2. Nf3 Nf6 3. d4 Nxe4 4. Bd3 Nc6 5. dxe5 d5 6. exd6 Nxd6 7. Bf4 Be7 8. Nc3 Nb4 9. Be2 0-0 10. a3 Nc6 11. Nd5 Re8 12. 0-0 Bf8 13. c4 Be6 14. Re1 Bxd5 15. Qxd5 Qf6 16. Bxd6 Bxd6 1/2-1/2

[Event "Catalunya-chT"]
[Site "Catalunya"]
[Date "2012.04.21"]
[Round "11.9"]
[White "Almeida Toledano, Daniel"]
[Black "Llaneza Vega, Patricia"]
[Result "1/2-1/2"]
[WhiteElo "2347"]
[BlackElo "2220"]
[PlyCount "119"]
[EventDate "2012.01.28"]
[EventType "team-tourn"]
[EventRounds "11"]
[EventCountry "ESP"]
[SourceTitle "EXT 2013"]
[Source "ChessBase"]
[SourceDate "2012.11.22"]
[SourceVersion "1"]
[SourceVersionDate "2012.11.22"]
[SourceQuality "1"]
[WhiteTeam "Barcelona Escola Escacs"]
[BlackTeam "Foment Martinenc"]
[WhiteTeamCountry "ESP"]
[BlackTeamCountry "ESP"]

1. e4 c5 2. Ne2 Nc6 3. Nbc3 Nf6 4. g3 g6 5. Bg2 Bg7 6. 0-0 0-0 7. Nd5 d6 8. c3 Rb8 9. d4 cxd4 10. cxd4 Bg4 11. f3 Bd7 12. Nxf6+ Bxf6 13. Be3 Qb6 14. Qd2 Qb4 15. Rad1 Rbc8 16. f4 Bg4 17. e5 Bg7 18. h3 Qxd2 19. Rxd2 Bxe2 20. Rxe2 dxe5 21. dxe5 Rfd8 22. Rc2 f6 23. exf6 Bxf6 24. Rfc1 Rd3 25. Kf2 Rcd8 26. Bxc6 bxc6 27. b3 Bd4 28. Bxd4 R3xd4 29. Re1 Rd2+ 30. Re2 Rxc2 31. Rxc2 Kf7 32. Ke3 Rd6 33. Rc5 Re6+ 34. Kf3 Rd6 35. h4 h5 36. g4 hxg4+ 37. Kxg4 Rd2 38. Ra5 Rg2+ 39. Kf3 Rg1 40. Rxa7 Rf1+ 41. Kg3 Rg1+ 42. Kf3 Rf1+ 43. Ke3 Re1+ 44. Kf2 Rh1 45. Ra6 c5 46. Ra5 Rxh4 47. Rxc5 Rxf4+ 48. Ke3 Rf5 49. Rc2 g5 50. b4 Ke6 51. a4 Kd6 52. b5 Rc5 53. Rb2 Kc7 54. a5 Rc3+ 55. Kd4 Ra3 56. b6+ Kb7 57. Rb5 g4 58. Rg5 g3 59. Kc4 g2 60. Rxg2 1/2-1/2

[Event "San Sebastian KO GpA"]
[Site "San Sebastian"]
[Date "2011.12.29"]
[Round "2.4"]
[White "Almeida Toledano, Daniel"]
[Black "Libiszewski, Fabien"]
[Result "1/2-1/2"]
[WhiteElo "2347"]
[BlackElo "2500"]
[PlyCount "40"]
[EventDate "2011.12.28"]
[EventType "k.o."]
[EventRounds "7"]
[EventCountry "ESP"]
[SourceTitle "EXT 2024"]
[Source "ChessBase"]
[SourceDate "2023.10.10"]
[SourceVersion "1"]
[SourceVersionDate "2023.10.10"]
[SourceQuality "1"]

1. e4 e6 2. d4 d5 3. Nd2 Nf6 4. e5 Nfd7 5. f4 c5 6. Ngf3 Nc6 7. Nb3 cxd4 8. Nbxd4 Be7 9. c3 Nc5 10. g3 0-0 11. Bh3 Nxd4 12. cxd4 Ne4 13. 0-0 Qb6 14. Qb3 Qxb3 15. axb3 Bd7 16. Be3 Rfc8 17. Rfc1 a6 18. Nd2 Rxc1+ 19. Rxc1 Rc8 20. Rxc8+ Bxc8 1/2-1/2

[Event "Catalunya-chT"]
[Site "Barcelona"]
[Date "2011.01.29"]
[Round "1"]
[White "Castellet Giralt, Gabriel"]
[Black "Almeida Toledano, Daniel"]
[Result "0-1"]
[WhiteElo "2203"]
[BlackElo "2335"]
[PlyCount "98"]
[EventDate "2011.01.29"]
[EventType "team-tourn"]
[EventRounds "11"]
[EventCountry "ESP"]
[SourceTitle "EXT 2012"]
[Source "ChessBase"]
[SourceDate "2011.11.24"]
[SourceVersion "1"]
[SourceVersionDate "2011.11.24"]
[SourceQuality "1"]
[WhiteTeam "Cerdanyola Valles"]
[BlackTeam "Barcelona"]
[WhiteTeamCountry "ESP"]
[BlackTeamCountry "ESP"]

1. e4 e6 2. d4 d5 3. Nc3 Nf6 4. e5 Nfd7 5. f4 c5 6. Nf3 Nc6 7. Be3 cxd4 8. Nxd4 Bc5 9. Qd2 0-0 10. 0-0-0 a6 11. Qf2 Nxd4 12. Bxd4 b6 13. Kb1 Bb7 14. Be2 Rc8 15. Rhf1 Qc7 16. Bd3 Bxd4 17. Qxd4 b5 18. Rde1 Nc5 19. f5 exf5 20. Bxf5 Rcd8 21. Ne2 Bc8 22. Bxc8 Qxc8 23. Ng3 Ne6 24. Qh4 Qc4 25. Nf5 Qxh4 26. Nxh4 d4 27. Rd1 Rd5 28. Rfe1 Rfd8 29. Nf3 b4 30. Re2 Kf8 31. Ne1 Nc5 32. Nd3 Nxd3 33. cxd3 Rc8 34. Rc1 Rxc1+ 35. Kxc1 Ke7 36. Kc2 a5 37. Kb3 Ke6 38. Ka4 Rc5 39. g3 h5 40. Kb3 Rxe5 41. Rf2 h4 42. Rf4 hxg3 43. hxg3 Re3 44. Rg4 Rxd3+ 45. Kc2 Rf3 46. Rxg7 d3+ 47. Kd2 Rf2+ 48. Kc1 Rc2+ 49. Kb1 Rc5 0-1

[Event "San Sebastian op 33rd"]
[Site "San Sebastian"]
[Date "2010.04.03"]
[Round "8"]
[White "Cabrera Pino, Alexis"]
[Black "Almeida Toledano, Daniel"]
[Result "1-0"]
[WhiteElo "2533"]
[BlackElo "2367"]
[PlyCount "97"]
[EventDate "2010.03.28"]
[EventType "swiss"]
[EventRounds "9"]
[EventCountry "ESP"]
[SourceTitle "CBM 135 Extra"]
[Source "ChessBase"]
[SourceDate "2010.05.04"]
[SourceVersion "1"]
[SourceVersionDate "2010.05.04"]
[SourceQuality "1"]

1. e4 e6 2. d4 d5 3. Nc3 Nf6 4. e5 Nfd7 5. f4 c5 6. Nf3 Nc6 7. Be3 cxd4 8. Nxd4 Bc5 9. Qd2 0-0 10. 0-0-0 a6 11. Qf2 Nxd4 12. Bxd4 b6 13. Bd3 f6 14. Qh4 g6 15. Bxc5 bxc5 16. Qg3 Qe7 17. exf6 Nxf6 18. Be2 d4 19. Na4 Rb8 20. Qg5 Qc7 21. Nxc5 Nd5 22. Qe5 Qxc5 23. Qxb8 Nxf4 24. Bd3 e5 25. Rhe1 Nxd3+ 26. Rxd3 e4 27. Qb3+ Kg7 28. Rg3 Bf5 29. Qa3 Qc7 30. Qb4 Rd8 31. Rb3 d3 32. Qd2 Kg8 33. Rc3 Qa5 34. g4 Bxg4 35. Rxe4 Bf5 36. Rxd3 Qxd2+ 37. Kxd2 Rb8 38. Ra4 Bxd3 39. Kxd3 Rxb2 40. Rxa6 Rb5 41. Ra4 Rh5 42. h4 g5 43. Rg4 h6 44. a4 Kf7 45. hxg5 hxg5 46. a5 Rh3+ 47. Kc4 Kf6 48. Kb5 Rc3 49. Rc4 1-0

[Event "Mollet del Valles"]
[Site "Mollet del Valles"]
[Date "2009.11.20"]
[Round "8"]
[White "Perpinya Rofes, Lluis Maria"]
[Black "Almeida Toledano, Daniel"]
[Result "0-1"]
[WhiteElo "2387"]
[BlackElo "2331"]
[PlyCount "86"]
[EventDate "2009.10.02"]
[EventType "tourn"]
[EventRounds "9"]
[EventCountry "ESP"]
[EventCategory "3"]
[SourceTitle "EXT 2011"]
[Source "ChessBase"]
[SourceDate "2010.11.26"]
[SourceVersion "1"]
[SourceVersionDate "2010.11.26"]
[SourceQuality "1"]

1. e4 e6 2. d4 d5 3. Nc3 Nf6 4. e5 Nfd7 5. f4 c5 6. Nf3 Nc6 7. Be3 cxd4 8. Nxd4 Bc5 9. Qd2 0-0 10. 0-0-0 a6 11. Qf2 Bxd4 12. Bxd4 b5 13. Be3 b4 14. Na4 a5 15. Bb5 Qc7 16. Kb1 Ba6 17. Bxa6 Rxa6 18. Nc5 Nxc5 19. Bxc5 Rc8 20. Bd6 Qa7 21. Qd2 Nd8 22. f5 exf5 23. Rhf1 Rac6 24. Qxd5 Ne6 25. Rd2 g6 26. g4 f4 27. h4 Rc4 28. Rfd1 h6 29. b3 Rc3 30. h5 g5 31. Qe4 f3 32. Qf5 Qe3 33. Be7 a4 34. Rd3 Rxd3 35. Qxd3 Qxd3 36. Rxd3 f2 37. Rd1 Nd4 38. Bxb4 Rxc2 39. bxa4 Re2 40. a5 Nc6 41. Bc3 Re4 42. a6 Rxg4 43. a7 Nxa7 0-1

[Event "Mollet del Valles"]
[Site "Mollet del Valles"]
[Date "2009.10.30"]
[Round "5"]
[White "Almeida Toledano, Daniel"]
[Black "Morros Faura, Ricard"]
[Result "1/2-1/2"]
[WhiteElo "2331"]
[BlackElo "2217"]
[PlyCount "86"]
[EventDate "2009.10.02"]
[EventType "tourn"]
[EventRounds "9"]
[EventCountry "ESP"]
[EventCategory "3"]
[SourceTitle "EXT 2011"]
[Source "ChessBase"]
[SourceDate "2010.11.26"]
[SourceVersion "1"]
[SourceVersionDate "2010.11.26"]
[SourceQuality "1"]

1. e4 d6 2. d4 Nf6 3. Nc3 g6 4. Bg5 Bg7 5. Qd2 h6 6. Bh4 g5 7. Bg3 Nh5 8. 0-0-0 c6 9. Qe1 Nxg3 10. hxg3 Qa5 11. Bc4 b5 12. Bb3 b4 13. Nb1 Be6 14. Bxe6 fxe6 15. e5 dxe5 16. dxe5 0-0 17. f4 gxf4 18. Nf3 Na6 19. Qe4 Nc5 20. Qg6 Rad8 21. Nd4 Qc7 22. gxf4 Rxf4 23. Nxe6 Nxe6 24. Qxe6+ Kh7 25. Rxd8 Qxd8 26. Qxc6 Qd4 27. Nd2 Qe3 28. Qa6 Rd4 29. Rd1 Qxe5 30. Qf1 h5 31. Nf3 Rxd1+ 32. Kxd1 Qxb2 33. Qd3+ Kg8 34. Qd5+ Kh7 35. Qxh5+ Kg8 36. Qe8+ Bf8 37. Qg6+ Bg7 38. Qe6+ Kh8 39. Qc8+ Kh7 40. Qf5+ Kg8 41. Qd5+ Kh8 42. Qh5+ Kg8 43. Qd5+ Kh8 1/2-1/2

[Event "Mollet del Valles"]
[Site "Mollet del Valles"]
[Date "2009.10.02"]
[Round "1"]
[White "Almeida Toledano, Daniel"]
[Black "Avila Jimenez, Xavier"]
[Result "1-0"]
[WhiteElo "2331"]
[BlackElo "2212"]
[PlyCount "79"]
[EventDate "2009.10.02"]
[EventType "tourn"]
[EventRounds "9"]
[EventCountry "ESP"]
[EventCategory "3"]
[SourceTitle "EXT 2011"]
[Source "ChessBase"]
[SourceDate "2010.11.26"]
[SourceVersion "1"]
[SourceVersionDate "2010.11.26"]
[SourceQuality "1"]

1. e4 e5 2. Nf3 Nc6 3. Bb5 a6 4. Bxc6 dxc6 5. 0-0 f6 6. d3 Bg4 7. Be3 Bd6 8. Nbd2 Ne7 9. Qb1 c5 10. a3 Nc6 11. h3 Bh5 12. Nh4 Qd7 13. Nf5 Bf8 14. f4 exf4 15. Bxf4 Nd4 16. Nxd4 Qxd4+ 17. Kh1 0-0-0 18. b4 cxb4 19. axb4 g5 20. Nb3 Qb6 21. Bg3 Bxb4 22. Be1 g4 23. h4 g3 24. Bxb4 Qxb4 25. Rf5 Bg4 26. Rf4 Rhg8 27. Na5 Qxb1+ 28. Rxb1 b6 29. Nc6 Rde8 30. Nb4 Be6 31. Nxa6 Rg4 32. Rxg4 Bxg4 33. Nb4 f5 34. Nd5 Re6 35. Ne3 Rh6 36. exf5 Rxh4+ 37. Kg1 Kd7 38. Rb4 h5 39. Re4 c6 40. f6 1-0